Diccionario araucano: mapuche-español, español-mapuche
Saved in:
| 主要作者: | |
|---|---|
| 格式: | 圖書 |
| 語言: | 西班牙语 Mapuche |
| 出版: |
Santiago
Cerro Manquehue
1996
|
| 主題: | |
| 標簽: |
添加標簽
沒有標簽, 成為第一個標記此記錄!
|
MARC
| LEADER | 00000nam a2200000 a 4500 | ||
|---|---|---|---|
| 001 | UCM8195 | ||
| 003 | CL-VaPUC | ||
| 008 | 030124e19960000CL |||||||||||||||||spa|d | ||
| 041 | 0 | 7 | |a spa |2 CL-VaPUC |
| 041 | 0 | 7 | |a arn |2 CL-VaPUC |
| 082 | 0 | 4 | |a 498.361 |b AUG |2 21 |
| 100 | |a Augusta, Félix José de |e autor |9 302298 | ||
| 245 | 1 | 0 | |a Diccionario araucano: mapuche-español, español-mapuche |
| 300 | |a 421 p | ||
| 942 | |c BK | ||
| 945 | |d 20030124 00:00:00 |a cmena | ||
| 260 | |a Santiago |b Cerro Manquehue |c 1996 | ||
| 650 | 7 | |a DICCIONARIOS BILINGUES |2 CL-VaPUC |9 455910 | |
| 650 | 7 | |a MAPUDUNGUN |2 CL-VaPUC |9 414435 | |
| 650 | 0 | |a Diccionarios |9 256200 | |
| 583 | |a last modification |c 20030124 00:00:00 |k Rodrigo Vera | ||
| 999 | |c 302773 |d 302771 | ||
| 952 | |0 0 |1 0 |4 0 |6 498_361000000000000_AUG_1996 |7 0 |8 X |9 363507 |a BIBEDU |b BIBEDU |d 2019-11-21 |i 3879828 |o 498.361 AUG 1996 |p 3879828 |r 2023-01-13 |w 2019-11-21 |y BK_X |k LIT | ||